00286nam a22001337a 4500020001500000082001200015100001500027245003500042260002300077300000800100650002000108942000700128999001700135 a817214606X a290 DAN aDaniel P S aReligiopus Traditions of India aDelhibISPCKc2011 a368 aReligions-India cBK c19635d19635